000 00238 a2200097 4500
001 35950
100 _aWertz H
245 _aAutomatic Correction & Improvement of Programs
260 _aNew York
_bEllis Horwood
_c
090 _c23500
_d23500
942 _aNUST-CAE
_cM
_c15004
999 _c271023
_d271023